LEADER 00919nam a2200217 i 4500 001 000000187585 003 CaOOAMICUS 005 20100319000000.0 008 100319s1924 it u000 u ita u 013 $a165677 040 $aSeMil$bita 100 1 $aBuonaiuti, Ernesto,$d<1881-1946>.$0(OLS)http://semarc/name/497 245 10$aVerso la luce :$bsaggio di una apologetica religiosa /$cErnesto Buonaiuti. 260 $aFoligno :$bF. Campitelli,$cstampa 1924. 300 $a133 p. ;$c20 cm. 650 4$aCristianesimo.$0(OLS)http://semarc/subject/425 650 4$aChiesa cattolica - Apologetica.$0(OLS)http://semarc/subject/9183 850 $aSeMil 852 $aSeMil$W1$xVenegono$y1$m2X III 113$j138272$B138272$CSeMilBibl$Z2$F149718 $81 996 $6245$aVerso la luce :$bsaggio di una apologetica religiosa$9(OLS)http://semarc/title/269891 996 $6260$aFoligno :$bF. Campitelli$9(OLS)http://semarc/publisher/35800 LEADER 00630naa a2200157 i 4500 001 000000308002 003 CaOOAMICUS 005 20180831172927.0 008 180831n xx u000 u fre u 013 $a16945 040 $aSeMil$bita 100 1 $aHardt, Hubert.$0(OLS)http://semarc/name/87975 245 10$aPascal à la recherche de l'homme et de Dieu. 600 14$aPascal, Blaise <1623-1662>.$0(OLS)http://semarc/subject/3508 773 0 $tAu seuil du christianisme.$dParis ; Bruxelles : Lumen Vitae, 1952.$kCahiers de Lumen Vitae$gp.39-68$w()68002 996 $6245$aPascal à la recherche de l'homme et de Dieu$9(OLS)http://semarc/title/383297